00678nab a2200181uuc4500001000800000005001700008008004100025035001200066040001300078041000800091100003600099245008800135650003000223650003100253650003200284700004700316773013300363137383420240519090946.0140610e20110705 spa  a1373834 ccomduadb aspa10aCuellar Alzate, Yenny4auteaut14aLos obstáculos pedagógicos de tres maestras preescolares en formación inicial aPrácticas pedagógicas aObstáculos pedagógicos 7aInvestigación Educativa210aTamayo Álzate, Óscar Eugenio4auteaut0 tRevista Latinoamericana de Estudios Educativos (Manizales)gVol. 07, No. 02, Jul.-Dic. 2011, 121-138w1244145x1900-98950586379